[Event "Hommage Jacques Cote"]
[Site "Hull CAN"]
[Date "2000.01.07"]
[Round "1"]
[White "Gagnon, Fabien"]
[Black "Blais, Robert"]
[Result "1-0"]
[WhiteElo "2075"]
[BlackElo "1499"]
[PlyCount "55"]
[GameId "2160767911741508"]
[EventDate "2000.01.07"]
[EventType "swiss"]
[EventRounds "5"]
[EventCountry "CAN"]

1. e4 c5 2. Nf3 Nc6 3. d4 cxd4 4. Nxd4 d6 5. Nc3 Nf6 6. Be2 g6 7. Be3 Bg7 8. O-O O-O 9. Nb3 Be6 10. f4 Qd7 11. Qd2 Ng4 12. Bxg4 Bxg4 13. f5 gxf5 14. Bh6 f6 15. h3 Bh5 16. exf5 Bf7 17. Rf3 Bxh6 18. Qxh6 Kh8 19. Rf4 Rg8 20. Ne4 Rg7 21. Kh2 Ne5 22. Nd4 Rag8 23. Rf2 d5 24. Nc3 Rg3 25. Nce2 R3g5 26. Nf4 Qe8 27. Kh1 Rg3 28. Rd1 1-0

[Event "Hommage Jacques Cote"]
[Site "Hull CAN"]
[Date "2000.01.14"]
[Round "2"]
[White "Lemieux, Richard"]
[Black "Gagnon, Fabien"]
[Result "0-1"]
[WhiteElo "1696"]
[BlackElo "2075"]
[PlyCount "54"]
[GameId "2160767911741509"]
[EventDate "2000.01.07"]
[EventType "swiss"]
[EventRounds "5"]
[EventCountry "CAN"]

1. e4 d5 2. exd5 Qxd5 3. Nc3 Qa5 4. Nf3 Nf6 5. Be2 Bf5 6. O-O e5 7. d3 Nbd7 8. Bd2 c6 9. Re1 Qc7 10. a3 Bd6 11. h3 O-O 12. Nh4 Be6 13. Ne4 Nxe4 14. dxe4 Bc5 15. b4 Bd4 16. c3 Bb6 17. Nf5 Rad8 18. Qc1 Nf6 19. Bg5 Nxe4 20. Bxd8 Bxf2+ 21. Kf1 Qxd8 22. Rd1 Qf6 23. g4 Bxf5 24. gxf5 Qh4 25. Rd3 Bb6 26. Qe1 Bf2 27. Qd1 Be3 0-1

[Event "Hommage Jacques Cote"]
[Site "Hull CAN"]
[Date "2000.01.21"]
[Round "3"]
[White "Gagnon, Fabien"]
[Black "Arsenault, Michel"]
[Result "1-0"]
[WhiteElo "2075"]
[BlackElo "1883"]
[PlyCount "85"]
[GameId "2160767911741510"]
[EventDate "2000.01.07"]
[EventType "swiss"]
[EventRounds "5"]
[EventCountry "CAN"]

1. e4 c5 2. Nf3 e6 3. d3 Nc6 4. g3 g6 5. Bg2 Bg7 6. O-O Nge7 7. Nbd2 O-O 8. Re1 d6 9. c3 Qc7 10. Nb3 Bd7 11. d4 cxd4 12. cxd4 Nb4 13. Bf4 Rfd8 14. Rc1 Qb6 15. a3 Na6 16. Nbd2 Bb5 17. Be3 d5 18. e5 Nf5 19. Bg5 Rdc8 20. Rxc8+ Rxc8 21. Nb1 Qc7 22. Nc3 Be8 23. g4 Ne7 24. Qd2 Nb8 25. Bf6 a6 26. Qg5 Nec6 27. Qh4 Nd7 28. Re3 Nxf6 29. exf6 Bf8 30. g5 Qb6 31. b4 Nxb4 32. axb4 Qxb4 33. Ne2 a5 34. Ne5 a4 35. Qh3 a3 36. Bxd5 Qb1+ 37. Kg2 Ra8 38. Nc3 Qb4 39. Bxe6 Qxd4 40. Ba2 Ra5 41. Nxf7 Bxf7 42. Bxf7+ Kh8 43. Qxh7+ 1-0

[Event "Hommage Jacques Cote"]
[Site "Hull CAN"]
[Date "2000.01.28"]
[Round "4"]
[White "Cote, Jacques"]
[Black "Gagnon, Fabien"]
[Result "0-1"]
[WhiteElo "2149"]
[BlackElo "2075"]
[PlyCount "42"]
[GameId "2160767911741511"]
[EventDate "2000.01.07"]
[EventType "swiss"]
[EventRounds "5"]
[EventCountry "CAN"]

1. e4 c5 2. Nf3 Nc6 3. d4 cxd4 4. Nxd4 g6 5. Nc3 Bg7 6. Be3 Nf6 7. Nxc6 bxc6 8. e5 Nd5 9. Nxd5 cxd5 10. Qxd5 Rb8 11. O-O-O Qc7 12. f4 O-O 13. c3 d6 14. exd6 exd6 15. Qxd6 Qb7 16. Qa3 Qe4 17. Rd3 Bf5 18. Qc5 Rbd8 19. Bd4 Bxd4 20. cxd4 Rc8 21. Qc3 Qe1+ 0-1

[Event "Hommage Jacques Cote"]
[Site "Hull CAN"]
[Date "2000.02.04"]
[Round "5"]
[White "Gagnon, Fabien"]
[Black "Van Adel, Steven"]
[Result "1-0"]
[WhiteElo "2075"]
[BlackElo "1926"]
[PlyCount "35"]
[GameId "2160767911741512"]
[EventDate "2000.01.07"]
[EventType "swiss"]
[EventRounds "5"]
[EventCountry "CAN"]

1. e4 c5 2. Nf3 Nc6 3. d3 g6 4. g3 Bg7 5. Bg2 d6 6. O-O e6 7. c3 Nge7 8. d4 O-O 9. Be3 b6 10. Qc1 Ba6 11. Re1 Re8 12. Bh6 Bh8 13. Ng5 Bg7 14. Qf4 Rf8 15. Qh4 cxd4 16. Bxg7 Kxg7 17. Qxh7+ Kf6 18. e5+ 1-0

[Event "Hull CC-ch"]
[Site "Hull CAN"]
[Date "2000.02.21"]
[Round "1"]
[White "Lemieux, Richard"]
[Black "Thomann, Olivier"]
[Result "1/2-1/2"]
[WhiteElo "1703"]
[BlackElo "1752"]
[PlyCount "69"]
[GameId "2160767911733083"]
[EventDate "2000.02.22"]
[EventType "tourn"]
[EventRounds "5"]
[EventCountry "CAN"]

1. e4 e5 2. Nf3 Nc6 3. Bc4 Bc5 4. O-O d6 5. c3 Nf6 6. Qb3 O-O 7. Qc2 Bg4 8. Be2 Qd7 9. d3 Nh5 10. Be3 Bb6 11. Qd1 Nf4 12. Bxf4 exf4 13. d4 f5 14. exf5 Bxf5 15. Bb5 Qe7 16. Re1 Qf6 17. Nbd2 Ne7 18. Nc4 c6 19. Nxb6 axb6 20. Bc4+ d5 21. Bb3 Rae8 22. Qd2 Ng6 23. Re2 Bg4 24. Qd3 Rxe2 25. Qxe2 Nh4 26. Re1 Nxf3+ 27. gxf3 Bh3 28. Kh1 Qg6 29. Rg1 Re8 30. Qd2 Qh5 31. Qxf4 Rf8 32. Qg3 Qxf3+ 33. Qxf3 Rxf3 34. Rg3 Rxg3 35. fxg3 1/2-1/2

[Event "Hull CC-ch"]
[Site "Hull CAN"]
[Date "2000.02.22"]
[Round "1"]
[White "Dessmark, Andres"]
[Black "Gagnon, Fabien"]
[Result "1/2-1/2"]
[WhiteElo "1859"]
[BlackElo "2131"]
[PlyCount "46"]
[GameId "2160767911733084"]
[EventDate "2000.02.22"]
[EventType "tourn"]
[EventRounds "5"]
[EventCountry "CAN"]

1. d4 d5 2. c4 e6 3. Nc3 c5 4. cxd5 exd5 5. Nf3 Nc6 6. g3 Nf6 7. Bg2 Be7 8. O-O cxd4 9. Nxd4 O-O 10. a3 Re8 11. b4 Bg4 12. Re1 Qd7 13. Bb2 Ne5 14. Qb3 Nc6 15. Nxd5 Nxd4 16. Bxd4 Be6 17. Bxf6 Bxd5 18. Qxd5 Qxd5 19. Bxd5 Bxf6 20. Rac1 Rad8 21. Bxb7 Bb2 22. Rc2 Bxa3 23. b5 Re5 1/2-1/2

[Event "Hull CC-ch"]
[Site "Hull CAN"]
[Date "2000.02.22"]
[Round "1"]
[White "Groleau, Gilles"]
[Black "Thibault, Mario"]
[Result "1-0"]
[WhiteElo "2019"]
[BlackElo "1847"]
[PlyCount "57"]
[GameId "2160767911733085"]
[EventDate "2000.02.22"]
[EventType "tourn"]
[EventRounds "5"]
[EventCountry "CAN"]

1. e4 c5 2. Nf3 e6 3. Be2 Nc6 4. c4 d6 5. O-O Nf6 6. Nc3 Be7 7. d4 O-O 8. Bg5 h6 9. Bh4 Nh5 10. Bxe7 Qxe7 11. d5 Nd8 12. Qd2 e5 13. Nxe5 Qxe5 14. f4 Nxf4 15. Rxf4 f6 16. Raf1 Nf7 17. Kh1 Qe7 18. Qe3 Ne5 19. h4 Ng6 20. R4f2 Nxh4 21. Qg3 g5 22. Nb5 Ng6 23. Nxd6 Ne5 24. Nb5 Bd7 25. d6 Qd8 26. Nc7 Rc8 27. Nd5 Kg7 28. Rxf6 Rxf6 29. Qxe5 1-0

[Event "Hull CC-ch"]
[Site "Hull CAN"]
[Date "2000.02.22"]
[Round "1"]
[White "Hebert, Yves"]
[Black "Lacourse, Guy"]
[Result "0-1"]
[WhiteElo "1299"]
[BlackElo "1600"]
[PlyCount "102"]
[GameId "2160767911733086"]
[EventDate "2000.02.22"]
[EventType "tourn"]
[EventRounds "5"]
[EventCountry "CAN"]

1. d4 Nf6 2. Nf3 e6 3. Bf4 d5 4. c3 b6 5. e3 Bb7 6. Bd3 Be7 7. h3 Nbd7 8. Nbd2 c5 9. O-O O-O 10. Re1 cxd4 11. exd4 Ne8 12. Qc2 g6 13. Ne5 Nxe5 14. Bxe5 Bd6 15. Nf3 Qc7 16. Qd2 f6 17. Bxd6 Qxd6 18. Nh4 Kg7 19. g3 f5 20. Ng2 Nc7 21. Re5 Rae8 22. Rae1 Bc6 23. h4 h6 24. Nf4 Bd7 25. Be2 Rf6 26. h5 g5 27. Nh3 g4 28. Nf4 Kh7 29. Kg2 Rg8 30. Kg1 Be8 31. Kg2 Rg5 32. Rh1 Bf7 33. Bd3 Ne8 34. Qe2 Ng7 35. f3 gxf3+ 36. Qxf3 Kh8 37. Kf2 Ne8 38. Be2 Qd7 39. Qe3 Kh7 40. Nh3 Rg7 41. Nf4 Nd6 42. Rg1 Ne4+ 43. Kf1 Qc8 44. Bd3 Ng5 45. g4 Ne4 46. gxf5 Rxg1+ 47. Qxg1 exf5 48. Re7 Ng5 49. Nxd5 Rd6 50. Bc4 Qxc4+ 51. Re2 Bxd5 0-1

[Event "Hull CC-ch"]
[Site "Hull CAN"]
[Date "2000.02.29"]
[Round "2"]
[White "Cote, Jacques"]
[Black "Groleau, Gilles"]
[Result "1/2-1/2"]
[WhiteElo "2130"]
[BlackElo "2019"]
[PlyCount "110"]
[GameId "2160767911733087"]
[EventDate "2000.02.22"]
[EventType "tourn"]
[EventRounds "5"]
[EventCountry "CAN"]

1. f4 d5 2. Nf3 Nf6 3. e3 Bg4 4. h3 Bxf3 5. Qxf3 Nbd7 6. d4 e6 7. Nd2 c6 8. Bd3 Qc7 9. g4 h5 10. g5 Ng8 11. c4 Bb4 12. O-O Ne7 13. e4 O-O-O 14. exd5 exd5 15. a3 Bxd2 16. Bxd2 f6 17. Bb4 Nb6 18. Rfe1 Rd7 19. b3 dxc4 20. bxc4 Na4 21. Bc2 Nb2 22. Qe4 f5 23. Qe5 Qxe5 24. Rxe5 Ng6 25. Bxf5 Nxe5 26. dxe5 Kd8 27. Bxd7 Kxd7 28. Rc1 Ke6 29. Rc2 Nd3 30. Bd2 Rf8 31. Be3 Nxf4 32. h4 a6 33. Bc5 Rf7 34. Kh2 Ng6 35. Kg3 Rf4 36. Bf2 Rg4+ 37. Kh3 Kxe5 38. c5 Ra4 39. Rc3 Nf4+ 40. Kh2 Ne6 41. Rb3 Kd5 42. Rxb7 Rxa3 43. Rd7+ Kc4 44. Rd6 Ra2 45. Rxe6 Rxf2+ 46. Kg3 Rd2 47. Rxc6 Rd3+ 48. Kg2 a5 49. Rc7 Rd4 50. c6 Kb5 51. Rxg7 Kxc6 52. Kg3 Rd3+ 53. Kg2 Rd4 54. Kh3 Rd3+ 55. Kg2 Rd4 1/2-1/2

[Event "Hull CC-ch"]
[Site "Hull CAN"]
[Date "2000.02.29"]
[Round "2"]
[White "Gagnon, Fabien"]
[Black "Thibault, Mario"]
[Result "1-0"]
[WhiteElo "2131"]
[BlackElo "1847"]
[PlyCount "99"]
[GameId "2160767911733088"]
[EventDate "2000.02.22"]
[EventType "tourn"]
[EventRounds "5"]
[EventCountry "CAN"]

1. e4 c5 2. Nf3 e6 3. d3 d5 4. Nbd2 Nc6 5. g3 Nf6 6. Bg2 Be7 7. O-O O-O 8. Re1 Qc7 9. Nf1 dxe4 10. dxe4 e5 11. c3 h6 12. Nh4 Rd8 13. Qe2 Be6 14. Nf5 Bf8 15. N1e3 Ne7 16. Qf3 Nxf5 17. Nxf5 Nh7 18. h4 Bc4 19. Ne3 Be6 20. Nd5 Bxd5 21. exd5 c4 22. Qe2 Bd6 23. Be3 Nf6 24. Rad1 b5 25. Qd2 Qe7 26. b3 Rac8 27. Rb1 b4 28. Red1 bxc3 29. Qxc3 Bb4 30. Qc2 c3 31. Ra1 Qd6 32. Bxa7 Qa6 33. Be3 Ba3 34. Bc1 Bc5 35. Be3 Ba3 36. Rab1 Ng4 37. Rd3 Bb2 38. a4 Rb8 39. Bc5 Rxb3 40. Qxb3 Qxd3 41. Rxb2 e4 42. Rc2 Qd1+ 43. Bf1 Rxd5 44. Qxc3 e3 45. Bxe3 Nxe3 46. fxe3 Qf3 47. Qe1 Rd1 48. Qf2 Qe4 49. Rc8+ Kh7 50. Qc2 1-0

[Event "Hull CC-ch"]
[Site "Hull CAN"]
[Date "2000.02.29"]
[Round "2"]
[White "Lacourse, Guy"]
[Black "Arsenault, Yves"]
[Result "1-0"]
[WhiteElo "1592"]
[BlackElo "1494"]
[PlyCount "75"]
[GameId "2160767911733089"]
[EventDate "2000.02.22"]
[EventType "tourn"]
[EventRounds "5"]
[EventCountry "CAN"]

1. d4 d5 2. c4 dxc4 3. e3 Nc6 4. Bxc4 e6 5. Nf3 Nf6 6. O-O b6 7. Bb5 Bb7 8. Qa4 Qd6 9. Ne5 Nd7 10. Bxc6 Bxc6 11. Qxc6 Qxc6 12. Nxc6 Bd6 13. Nc3 a6 14. Ne4 O-O 15. Nxd6 cxd6 16. Bd2 a5 17. b4 a4 18. b5 e5 19. Bb4 exd4 20. Bxd6 Rfe8 21. exd4 Nf6 22. f3 Nd5 23. Rfe1 Nc3 24. Bc7 Nxb5 25. Bxb6 f6 26. a3 Rxe1+ 27. Rxe1 Nxa3 28. Ra1 Nc2 29. Ra2 a3 30. Bc5 Ra4 31. d5 Rc4 32. d6 Ne1 33. d7 Rc1 34. d8=Q+ Kf7 35. Qd5+ Kg6 36. Ne7+ Kh6 37. Qd2+ g5 38. Qxc1 1-0

[Event "Hull CC-ch"]
[Site "Hull CAN"]
[Date "2000.03.07"]
[Round "3"]
[White "Thomann, Olivier"]
[Black "Arsenault, Michel"]
[Result "0-1"]
[WhiteElo "1752"]
[BlackElo "1858"]
[PlyCount "109"]
[GameId "2160767911733090"]
[EventDate "2000.02.22"]
[EventType "tourn"]
[EventRounds "5"]
[EventCountry "CAN"]

1. e4 g6 2. Nc3 Bg7 3. d4 d6 4. Nf3 c6 5. Bc4 Nf6 6. Qe2 Bg4 7. e5 dxe5 8. dxe5 Nd5 9. Bxd5 cxd5 10. Qb5+ Qd7 11. Qxd5 Bxf3 12. Qxf3 Nc6 13. Bf4 Nxe5 14. Bxe5 Bxe5 15. O-O e6 16. Rad1 Qc6 17. Qxc6+ bxc6 18. Na4 Ke7 19. b3 Rhd8 20. Nc5 Rd5 21. Rxd5 cxd5 22. c4 dxc4 23. bxc4 Rd8 24. Nb3 Bc3 25. Rc1 a5 26. Kf1 Bb4 27. Rc2 a4 28. Nc1 Rd4 29. Ke2 f6 30. Nd3 Bd6 31. h3 f5 32. f3 g5 33. Nb2 a3 34. Nd1 h5 35. Nf2 e5 36. g4 fxg4 37. fxg4 hxg4 38. hxg4 Bc5 39. Nd3 Kd6 40. Rd2 Rxc4 41. Nb2+ Rd4 42. Rxd4+ exd4 43. Nc4+ Kd5 44. Kd3 Bb4 45. Nb6+ Ke5 46. Nc4+ Kf4 47. Kxd4 Kxg4 48. Ke4 Kg3 49. Ne5 Bc3 50. Nd3 g4 51. Nf4 Bd2 52. Ne2+ Kf2 53. Kd3 Bg5 54. Nc3 Kf3 55. Ne4 0-1

[Event "Hull CC-ch"]
[Site "Hull CAN"]
[Date "2000.03.08"]
[Round "3"]
[White "Laurin, Jacques"]
[Black "Gagnon, Fabien"]
[Result "0-1"]
[WhiteElo "1925"]
[BlackElo "2131"]
[PlyCount "57"]
[GameId "2160767911733091"]
[EventDate "2000.02.22"]
[EventType "tourn"]
[EventRounds "5"]
[EventCountry "CAN"]

1. c4 c5 2. Nc3 Nf6 3. g3 e6 4. e4 d6 5. Nge2 b6 6. d4 cxd4 7. Nxd4 Bb7 8. Bg5 a6 9. Qa4+ Qd7 10. Bxf6 gxf6 11. Qb3 Qc7 12. Bg2 Nd7 13. Na4 Rc8 14. Rc1 b5 15. O-O bxa4 16. Qxa4 Be7 17. b4 O-O 18. Qd1 Ne5 19. Qh5 Kh8 20. Rc3 Bd8 21. g4 Rg8 22. Rh3 Rg7 23. Rc1 Ng6 24. Qh6 Qb6 25. c5 dxc5 26. Nf5 exf5 27. exf5 Ne5 28. Re1 Qxb4 29. Rxe5 0-1

[Event "Hull CC-ch"]
[Site "Hull CAN"]
[Date "2000.03.14"]
[Round "4"]
[White "Gagnon, Fabien"]
[Black "Cote, Jacques"]
[Result "1/2-1/2"]
[WhiteElo "2131"]
[BlackElo "2130"]
[PlyCount "97"]
[GameId "2160767911733092"]
[EventDate "2000.02.22"]
[EventType "tourn"]
[EventRounds "5"]
[EventCountry "CAN"]

1. c4 g6 2. Nc3 Bg7 3. g3 c6 4. Bg2 f5 5. e3 Na6 6. Nge2 e5 7. d3 Ne7 8. e4 d6 9. Rb1 O-O 10. Be3 Be6 11. Qd2 fxe4 12. Nxe4 d5 13. Nc5 Nxc5 14. Bxc5 dxc4 15. Rd1 cxd3 16. Qxd3 Qxd3 17. Rxd3 Rfe8 18. Nc3 Nf5 19. b3 e4 20. Nxe4 b6 21. Be3 Bd5 22. f3 Rad8 23. Ke2 c5 24. Rhd1 Bd4 25. Bg5 Rd6 26. Kf1 Rde6 27. g4 h6 28. gxf5 gxf5 29. Rxd4 Bxe4 30. Rd7 Bc6 31. Rd8 Bb5+ 32. Kg1 hxg5 33. f4 Rxd8 34. Rxd8+ Kg7 35. a4 Re1+ 36. Kf2 Re2+ 37. Kg1 Be8 38. fxg5 Re3 39. Kf2 f4 40. Ra8 Kg6 41. Bd5 Kxg5 42. Rxa7 Rd3 43. Bc4 Rd2+ 44. Kg1 Bd7 45. Ra8 f3 46. Rf8 Bc6 47. Rf7 Rg2+ 48. Kf1 Rxh2 49. Rf8 1/2-1/2

[Event "Hull CC-ch"]
[Site "Hull CAN"]
[Date "2000.03.14"]
[Round "4"]
[White "Seguin, Hubert"]
[Black "Thomann, Olivier"]
[Result "0-1"]
[WhiteElo "1639"]
[BlackElo "1752"]
[PlyCount "86"]
[GameId "2160767911733093"]
[EventDate "2000.02.22"]
[EventType "tourn"]
[EventRounds "5"]
[EventCountry "CAN"]

1. e4 e5 2. Nf3 Nc6 3. Bb5 a6 4. Ba4 Nf6 5. O-O Nxe4 6. Qe2 Nc5 7. Bxc6 dxc6 8. d4 Ne6 9. dxe5 Bc5 10. Nc3 O-O 11. Be3 Qe7 12. Rad1 Re8 13. Ne4 Bxe3 14. Qxe3 Nf8 15. Rfe1 Ng6 16. Ng3 Bg4 17. h3 Bxf3 18. Qxf3 Nxe5 19. Qc3 Qg5 20. Re4 Ng6 21. Red4 Rad8 22. Qd3 Rxd4 23. Qxd4 Qe5 24. Qxe5 Nxe5 25. Ne4 b6 26. f4 Ng6 27. Ng5 h6 28. f5 Ne7 29. Nf3 Nxf5 30. g4 Nd6 31. Kf1 Kf8 32. Nd4 c5 33. Nc6 a5 34. a3 Re4 35. Kf2 f5 36. gxf5 Rf4+ 37. Ke3 Rxf5 38. b4 cxb4 39. axb4 a4 40. Kd4 b5 41. Re1 Rf4+ 42. Ke5 Rc4 43. Ke6 Rxc6 0-1

[Event "Hull CC-ch"]
[Site "Hull CAN"]
[Date "2000.03.21"]
[Round "5"]
[White "Groleau, Gilles"]
[Black "Gagnon, Fabien"]
[Result "0-1"]
[WhiteElo "2019"]
[BlackElo "2131"]
[PlyCount "148"]
[GameId "2160767911733094"]
[EventDate "2000.02.22"]
[EventType "tourn"]
[EventRounds "5"]
[EventCountry "CAN"]

1. e4 c5 2. Nf3 Nc6 3. Bb5 g6 4. O-O Bg7 5. c3 e5 6. d4 cxd4 7. cxd4 exd4 8. Bf4 Nge7 9. Bd6 O-O 10. Re1 Re8 11. Nbd2 a6 12. Bc4 Na5 13. Bxf7+ Kxf7 14. b4 Kg8 15. bxa5 Nc6 16. Qb3+ Re6 17. Nc4 Nxa5 18. Nxa5 Qxa5 19. e5 Qb5 20. Qxb5 axb5 21. Nxd4 Rxd6 22. exd6 Bxd4 23. Rac1 Kf8 24. Re4 Bf6 25. Rb4 Be5 26. Rxb5 Bxd6 27. Rd5 Be7 28. a4 Ke8 29. Re1 Ra6 30. f4 Kd8 31. f5 Rxa4 32. Rde5 Ba3 33. Re8+ Kc7 34. fxg6 hxg6 35. Rg8 Bc5+ 36. Kf1 b6 37. Ree8 Ba6+ 38. Ke1 Ra1+ 39. Kd2 Ra2+ 40. Kc3 Rxg2 41. h4 Rg3+ 42. Kd2 Rg4 43. Rh8 Rg2+ 44. Kc3 Re2 45. Reg8 Re4 46. Rh7 Bb4+ 47. Kc2 Rg4 48. Rh6 Be1 49. Rgxg6 Rxg6 50. Rxg6 Bxh4 51. Kb3 Bf2 52. Kb4 Bc5+ 53. Ka4 d6 54. Rh6 Kc6 55. Rg6 Bd3 56. Rg2 Bc4 57. Rg6 b5+ 58. Ka5 Ba3 59. Rg3 Bb2 60. Kb4 Be5 61. Rg6 Kd5 62. Rg5 Ke4 63. Rg4+ Kf3 64. Rg5 Bf4 65. Rf5 Ke4 66. Rh5 Bd2+ 67. Ka3 d5 68. Rh4+ Kd3 69. Rh3+ Be3 70. Kb4 d4 71. Ka3 Ke2 72. Rh2+ Bf2 73. Kb2 d3 74. Kc3 d2 0-1

[Event "Hull CC-ch"]
[Site "Hull CAN"]
[Date "2000.03.21"]
[Round "5"]
[White "Thomann, Olivier"]
[Black "Rose, Richard"]
[Result "1-0"]
[WhiteElo "1752"]
[BlackElo "1714"]
[PlyCount "59"]
[GameId "2160767911733095"]
[EventDate "2000.02.22"]
[EventType "tourn"]
[EventRounds "5"]
[EventCountry "CAN"]

1. e4 c6 2. d4 d5 3. c4 dxe4 4. Nc3 Bf5 5. f3 exf3 6. Nxf3 e6 7. Be2 Nf6 8. O-O h6 9. Nh4 Bh7 10. Be3 Bd6 11. g3 O-O 12. Qd2 Nbd7 13. a3 a5 14. Rf2 Be7 15. Raf1 g5 16. Ng2 Ne4 17. Nxe4 Bxe4 18. h4 f5 19. Bd3 Nf6 20. Bxg5 hxg5 21. Qxg5+ Kh7 22. Bxe4 Nxe4 23. Qh5+ Kg7 24. Nf4 Rf6 25. Nxe6+ Rxe6 26. Rxf5 Qxd4+ 27. Kg2 Qxb2+ 28. Kh3 Nf6 29. Rg5+ Kf8 30. Qh8+ 1-0

[Event "Jack Taylor mem"]
[Site "Victoria CAN"]
[Date "2000.11.18"]
[Round "3"]
[White "Carlisle, Michael"]
[Black "Scoones, Dan"]
[Result "0-1"]
[WhiteElo "2105"]
[BlackElo "2302"]
[PlyCount "60"]
[GameId "2160767911635681"]
[EventDate "2000.11.18"]
[EventType "swiss"]
[EventRounds "5"]
[EventCountry "CAN"]

1. e4 d5 2. exd5 Nf6 3. c4 c6 4. d4 cxd5 5. Nc3 g6 6. Nf3 Bg7 7. Qb3 dxc4 8. Bxc4 O-O 9. Ne5 e6 10. Be3 Nc6 11. Nxc6 bxc6 12. O-O Nd5 13. Rfd1 Qc7 14. Rac1 Rb8 15. Qa3 Qb6 16. Na4 Qa5 17. b3 Nxe3 18. fxe3 Bh6 19. Rd3 Rd8 20. Rf1 Rb4 21. Qc1 Rxc4 22. Qxc4 Ba6 23. Qc3 Qg5 24. Rf3 Bxd3 25. Qxd3 c5 26. Nc3 cxd4 27. exd4 Qc1+ 28. Kf2 Bg7 29. d5 exd5 30. Ne4 Qb2+ 0-1

[Event "January TNT"]
[Site "Winnipeg CAN"]
[Date "2000.01.04"]
[Round "1"]
[White "Hanrahan, Nigel"]
[Black "Czypinski, Jaroslaw"]
[Result "0-1"]
[WhiteElo "1672"]
[BlackElo "1950"]
[PlyCount "55"]
[GameId "2160767911741561"]
[EventDate "2000.01.04"]
[EventType "swiss"]
[EventRounds "4"]
[EventCountry "CAN"]

1. Nf3 d5 2. c4 Nf6 3. cxd5 e6 4. dxe6 Bxe6 5. Nc3 Bd6 6. d4 O-O 7. Bg5 h6 8. Bh4 Re8 9. e3 Be7 10. Be2 Nd5 11. Bxe7 Qxe7 12. O-O Nd7 13. Bb5 c6 14. Ba4 N7f6 15. Nxd5 Bxd5 16. Bb3 Rad8 17. Bxd5 Rxd5 18. Qe2 c5 19. dxc5 Rxc5 20. Rac1 Rec8 21. Rxc5 Qxc5 22. Rd1 Qf5 23. Nd4 Qg6 24. h3 a6 25. Qf3 Ne4 26. Nf5 Qe6 27. Re1 Ng5 28. Qg4 0-1

[Event "January TNT"]
[Site "Winnipeg CAN"]
[Date "2000.01.04"]
[Round "1"]
[White "Milord, Frank"]
[Black "Weijs, Harry"]
[Result "1-0"]
[WhiteElo "1772"]
[BlackElo "1461"]
[PlyCount "61"]
[GameId "2160767911741562"]
[EventDate "2000.01.04"]
[EventType "swiss"]
[EventRounds "4"]
[EventCountry "CAN"]

1. d4 Nf6 2. c4 e6 3. Nc3 Bb4 4. e3 O-O 5. Bd3 d5 6. Nge2 c6 7. O-O Bxc3 8. Nxc3 dxc4 9. Bxc4 b5 10. Bd3 a5 11. Qc2 Na6 12. Qe2 Nb4 13. Bb1 Ba6 14. Qf3 Nfd5 15. Re1 Nxc3 16. bxc3 Nd5 17. e4 Nxc3 18. Qxc3 Bb7 19. Bb2 b4 20. Qe3 a4 21. d5 f6 22. e5 f5 23. d6 c5 24. Bd3 Qb6 25. Bc4 Bc8 26. Rad1 Ra7 27. Rd3 Kh8 28. Red1 Bd7 29. Qg5 f4 30. Rh3 Rf5 31. Qg6 1-0

[Event "January TNT"]
[Site "Winnipeg CAN"]
[Date "2000.01.04"]
[Round "1"]
[White "Repa, Jason"]
[Black "Trueman, Francis"]
[Result "0-1"]
[WhiteElo "1911"]
[BlackElo "1526"]
[PlyCount "116"]
[GameId "2160767911741563"]
[EventDate "2000.01.04"]
[EventType "swiss"]
[EventRounds "4"]
[EventCountry "CAN"]

1. e4 c6 2. d4 d5 3. e5 Bf5 4. c3 e6 5. Qb3 Qb6 6. Be3 Nd7 7. Nf3 Nh6 8. h3 c5 9. Qxb6 axb6 10. Nbd2 Be7 11. Bb5 c4 12. O-O Bd3 13. Rfe1 Nf5 14. b3 Nxe3 15. fxe3 Ba3 16. bxc4 Bb2 17. Bxd7+ Kxd7 18. cxd5 Bxa1 19. dxe6+ Kxe6 20. Rxa1 Rhc8 21. Nb1 Ra6 22. Nfd2 Kd5 23. Kf2 Rc6 24. a3 f6 25. exf6 Rxf6+ 26. Kg1 b5 27. Nf3 Rae6 28. Kf2 g5 29. Nbd2 h5 30. g4 hxg4 31. hxg4 Re8 32. Re1 Be4 33. Kg3 Rg8 34. Rh1 Bxf3 35. Nxf3 Ke4 36. Ne5 Kxe3 37. Rb1 Rc8 38. Rxb5 Rxc3 39. Rxb7 Kxd4+ 40. Kg2 Kxe5 41. a4 Rd6 42. Rb5+ Ke6 43. Kf1 Ra6 44. a5 Ra3 45. Rxg5 R6xa5 46. Rg6+ Kf7 47. Rb6 Ra2 48. Kg1 Rc5 49. Rb1 Kf6 50. Kf1 Kg5 51. Kg1 Kxg4 52. Kf1 Rc4 53. Kg1 Rac2 54. Rb8 Kf3 55. Rf8+ Rf4 56. Rb8 Rg4+ 57. Kh1 Rc1+ 58. Kh2 Rg2+ 0-1

[Event "January TNT"]
[Site "Winnipeg CAN"]
[Date "2000.01.04"]
[Round "1"]
[White "Schulz, Waldemar"]
[Black "Moffat, Ron"]
[Result "1-0"]
[WhiteElo "2095"]
[BlackElo "1690"]
[PlyCount "59"]
[GameId "2160767911741564"]
[EventDate "2000.01.04"]
[EventType "swiss"]
[EventRounds "4"]
[EventCountry "CAN"]

1. Nf3 d5 2. g3 g6 3. Bg2 Bg7 4. d4 c5 5. O-O cxd4 6. Nxd4 Nf6 7. c4 O-O 8. Na3 a6 9. cxd5 Nxd5 10. Nac2 e5 11. Nb3 Nf6 12. Bg5 Qc7 13. Ne3 Be6 14. Rc1 Nc6 15. Nc5 Rad8 16. Nxe6 fxe6 17. Qb3 Rd6 18. Nc4 Rd4 19. Be3 Nd5 20. Bxd4 Nxd4 21. Qd1 Qd7 22. e3 Nc6 23. Qe2 Qe7 24. Rfd1 Rd8 25. a3 Bh6 26. Rd3 Qf6 27. Rcd1 b5 28. Nb6 Nce7 29. Nxd5 Nxd5 30. e4 1-0

[Event "January TNT"]
[Site "Winnipeg CAN"]
[Date "2000.01.11"]
[Round "2"]
[White "Czypinski, Jaroslaw"]
[Black "Milord, Frank"]
[Result "1-0"]
[WhiteElo "1938"]
[BlackElo "1772"]
[PlyCount "87"]
[GameId "2160767911741565"]
[EventDate "2000.01.04"]
[EventType "swiss"]
[EventRounds "4"]
[EventCountry "CAN"]

1. e4 e5 2. Nf3 Nc6 3. Bb5 d6 4. d4 Bd7 5. c3 g6 6. O-O Bg7 7. dxe5 dxe5 8. Bg5 f6 9. Be3 Nh6 10. Qb3 Qe7 11. Na3 Nf7 12. Rad1 O-O 13. Bc4 Na5 14. Bxf7+ Rxf7 15. Qc2 Be6 16. b4 b6 17. Rd2 Rff8 18. Rfd1 Nb7 19. Ne1 Rfd8 20. Rxd8+ Rxd8 21. Rxd8+ Qxd8 22. f3 Qd7 23. Nb1 Bf8 24. a3 c5 25. Kf2 cxb4 26. cxb4 Nd6 27. Nd2 Nb5 28. Qc1 Nd4 29. Qc3 f5 30. Bxd4 exd4 31. Qd3 fxe4 32. Nxe4 Bg7 33. g3 Qc6 34. Ng5 Bd5 35. Qe2 h6 36. Ne4 Bxe4 37. Qxe4 Qxe4 38. fxe4 Kf7 39. Ke2 Ke6 40. Nf3 d3+ 41. Kxd3 b5 42. Nd4+ Bxd4 43. Kxd4 Kd6 44. e5+ 1-0

[Event "January TNT"]
[Site "Winnipeg CAN"]
[Date "2000.01.11"]
[Round "2"]
[White "Haapamaki, Eric"]
[Black "Schulz, Waldemar"]
[Result "0-1"]
[WhiteElo "1759"]
[BlackElo "2053"]
[PlyCount "126"]
[GameId "2160767911741566"]
[EventDate "2000.01.04"]
[EventType "swiss"]
[EventRounds "4"]
[EventCountry "CAN"]

1. e4 c5 2. Nf3 e6 3. d4 cxd4 4. Nxd4 Nf6 5. Nc3 d6 6. Be2 a6 7. O-O Qc7 8. a4 Be7 9. Be3 Nc6 10. f4 O-O 11. Kh1 Bd7 12. Qe1 Nxd4 13. Bxd4 Rac8 14. e5 Ne8 15. Bd3 d5 16. Ne2 f5 17. b3 g6 18. Rc1 Ba3 19. Ra1 Bc5 20. Qf2 Ng7 21. Rac1 Qb6 22. Rfd1 Rc7 23. c4 Bxd4 24. Nxd4 Rfc8 25. Qg1 dxc4 26. Bxc4 Kh8 27. Ne2 Qxg1+ 28. Kxg1 Kg8 29. Kf2 Kf7 30. Bd3 Ke7 31. Ke3 Ne8 32. Rxc7 Nxc7 33. g3 Nd5+ 34. Kd4 Nb4 35. Rc1 Bc6 36. Bb1 Rd8+ 37. Kc5 Nd5 38. a5 Bb5 39. Nc3 Rc8+ 40. Kd4 Kd7 41. Bd3 Bxd3 42. Kxd3 Nb4+ 43. Kd2 Rc5 44. Na4 Rxc1 45. Kxc1 Kc6 46. Kd2 Nd5 47. Nc3 Nb4 48. Na4 Nd5 49. Nc3 Ne7 50. Kd3 Kc5 51. Na2 Nc6 52. Kc3 Kb5 53. b4 h6 54. Kb3 Nd4+ 55. Kc3 Nf3 56. h3 Ng1 57. Nc1 Nxh3 58. Nd3 g5 59. Nc5 gxf4 60. Nxe6 fxg3 61. Nd4+ Ka4 62. e6 Nf4 63. e7 Nd5+ 0-1